000 00519nam a22001937a 4500
003 MPLRDC
005 20220104143039.0
008 210129b ||||| |||| 00| 0 eng d
020 _a978-957-33-2720-2
082 _a848.2 SM-40 v.7
100 _a三毛
245 _a把快乐当传染病
_c
250 _a初版一刷 (三毛典藏初版一刷)
260 _a台湾
_b皇冠文化出版有限公司
_c2010
300 _b253
490 _a三毛典藏: 7
650 _a现代别集
942 _cBK
_o848.2 SM-40 v.7
999 _c36113
_d36103